00389nam a22001337a 4500020001800000082001200018100001900030245007500049250000600124260002700130300000800157490004300165650004700208 a9788131756867 a547 VOG aVogel,Arthur.I aElementary Practical Organic Chemistry Small Scale Preparations Part 1 a2 aNewyorkbPearsonc1996 a436 aElementary Practical Organic Chemistry aChemistryaOrganic ChemistryaSmall Scale